Statistics for Lower Limb - 4

Click here to take the quiz!

General Stats

  • This quiz has been taken 10 times
  • The average score is 8 of 15

Answer Stats

HintAnswer% Correct
How many muscles are there in the medial compartment of the thigh?6
100%
How many compartments are there in the leg?3
88%
There are three adductor muscles brevis, magnus and which other?Longus
88%
What bone does it insert into?Tibia
88%
All but one (and a bit) of them are supplied by the same nerve, what nerve is it?Obturator
75%
What nerve is it supplied by?Femoral
63%
Which muscle arises from the pectineal line of the pubic bone?Pectineus
63%
The ischial head of adductor magnus is also innervated by a different nerve, which one is it?Tibial
63%
What action does it have on the knee joint?Flexion
50%
Written from most posterior to most anterior how are the adductors ordered?Magnus, Brevis, Longus
50%
The deep branch from which nerve supplies all of the muscles in the anterior compartment of the leg?Common fibular
25%
What is the name of the ribbon like muscle in the medial compartment?Gracillis
25%
Which muscle is not suppplied by this nerve?Pectineus
25%
Which seperates the two divisions of the obturator nerve?Brevis
13%
What common origin do all three share?Pubic bone and ischiopubic ramus
13%

Score Distribution

Percentile by Number Answered

Percent of People with Each Score

Your Score History

You have not taken this quiz